French soccer players scoring during the UEFA Euro - Statistics

General Stats
  • This quiz has been taken 234 times
    105 since last reset
  • The average score is 12 of 27
Answer Stats
Goals Year(s) Player % Correct
1 2024 Kylian Mbappé
95%
7 2016, 2021 Antoine Griezmann
94%
3 2016 Olivier Giroud
94%
5 2000, 2004 Zinédine Zidane
90%
6 2000, 2004, 2008 Thierry Henry
87%
9 1984 Michel Platini
84%
4 2021 Karim Benzema
81%
3 2000, 2004 David Trezeguet
77%
2 2016, 2021 Paul Pogba
77%
1 2024 Randal Kolo Muani
53%
3 2016 Dimitri Payet
50%
2 1996, 2000 Laurent Blanc
45%
2 2000 Sylvain Wiltord
42%
2 1992 Jean-Pierre Papin
38%
3 1996, 2000 Youri Djorkaeff
38%
1 2012 Samir Nasri
37%
2 1996, 2000 Christophe Dugarry
28%
1 2012 Yohan Cabaye
26%
1 2012 Jérémy Ménez
23%
1 1984 Alain Giresse
21%
1 1984 Luis Fernandez
19%
1 1996 Patrice Loko
12%
1 1984 Bruno Bellone
8%
1 1960 Jean Vincent
8%
2 1984 Jean-François Domergue
7%
2 1960 François Heutte
5%
1 1960 Maryan Wisniewski
3%
No matching quizzes found
Score Distribution
Percent of People with Each Score
Percentile by Number Answered
Your Score History
You have not taken this quiz since the last reset